书目信息 |
| 题名: |
在死亡之中
|
|
| 作者: | 布洛克 著 ;黄文君 译 | |
| 分册: | ||
| 出版信息: | 北京 新星出版社 2010.09 |
|
| 页数: | 170页 | |
| 开本: | 22cm | |
| 丛书名: | 午夜文库 | |
| 单 册: | ||
| 中图分类: | I712.45 | |
| 科图分类: | ||
| 主题词: | 侦探小说 , 侦探小说--美国--现代 , 中篇小说--美国--现代 , 中篇小说 | |
| 电子资源: | ||
| ISBN: | 978-7-5133-0033-9 | |
| 000 | 00994oam2 2200325 450 | |
| 001 | 1251176345 | |
| 005 | 20120109141331.82 | |
| 010 | @a978-7-5133-0033-9@dCNY24.00 | |
| 090 | @aI712.45@bblk | |
| 096 | @aI71@bblk | |
| 100 | @a20101118d2010 em y0chiy50 ea | |
| 101 | 1 | @achi@ceng |
| 102 | @aCN@b110000 | |
| 105 | @aa z 000ay | |
| 200 | 1 | @a在死亡之中@b专著@dIn the midst of death@f(美)劳伦斯·布洛克(Lawrence Block)著@g黄文君译@zeng@9zai si wang zhi zhong |
| 205 | @a2版 | |
| 210 | @a北京@c新星出版社@d2010.09 | |
| 215 | @a170页@d22cm | |
| 225 | 2 | @a午夜文库@i马修·斯卡德系列 |
| 462 | 0 | @1001003311397 |
| 510 | 1 | @aIn the midst of death@zeng |
| 606 | 0 | @a侦探小说 |
| 606 | 0 | @a侦探小说@y美国@z现代 |
| 606 | 0 | @a中篇小说@y美国@z现代 |
| 606 | 0 | @a中篇小说 |
| 690 | @aI712.45@v4 | |
| 701 | 0 | @c(美)@a布洛克@c(Block, Lawrence@f1938~)@4著@9bu luo ke |
| 702 | 0 | @a黄文君@c(翻译)@9huang wen jun@4译 |
| 801 | 0 | @aCN@b110017@c20101101 |
| 905 | @aZUCC@dI712.45@eB9817 | |
| 在死亡之中=In the midst of death/(美)劳伦斯·布洛克(Lawrence Block)著/黄文君译.-2版.-北京:新星出版社,2010.09 |
| 170页;22cm.-(午夜文库.马修·斯卡德系列) |
| ISBN 978-7-5133-0033-9:CNY24.00 |
| ● |
| 相关链接 |
|
|
|
正题名:在死亡之中
索取号:I712.45/B9817
 
预约/预借
| 序号 | 登录号 | 条形码 | 馆藏地/架位号 | 状态 | 备注 |
| 1 | 482100 | 204821005 | 社科二线422/422社科库 25排2列2层/ [索取号:I712.45/B9817] | 在馆 | |
| 2 | 482101 | 204821014 | 文学库116/116文学库 26排3列3层/ [索取号:I712.45/B9817] | 在馆 | |
| 3 | 482102 | 204821023 | 文学库116/116文学库 26排3列3层/ [索取号:I712.45/B9817] | 在馆 |